MDQL
is popping MORE tags! Check the
thread
!
Quizzes
Events
Quiz Creation
Community
Videos
Private Events
Remove Ads
Sign In
Join for FREE
Feedback
Dark Mode
Quiz Categories
Sports
Geography
Music
Movies
Television
Just For Fun
Miscellaneous
History
Literature
Language
Science
Gaming
Entertainment
Religion
Holiday
For Kids
Quiz Lab
Recent
Popular Today
Quiz Kudos Today
Editor Picks
Curator Picks
Quizzes by...
Day
Popularity
Type
Ratings
Length
Year
Community
Subscriptions
Recent Discussions
Orange Saloon
Badges
Playlists
Quests
Create
Leaderboards
Showdown
Live 5
Trivia Bingo
Activity
Puzzle Library
Sporcle Events
Private Events
Virtual Trivia
Globe League
Become a Host
Pub Owners
SporcleCon
Opinionation
Our Games
Videos
Blog
Mobile Apps
Partnerships
Remove Ads and Go Orange
Feedback
Music
Pop Music
The Beatles
Song
Album
Lyrics
Bands
Singers
Artist
Clip
Rock
Rap
Classical
Billboard
Country Music
Kpop
Taylor Swift
Music
Pop Music
The Beatles
Song
Album
Lyrics
Bands
Singers
Artist
Clip
Rock
Rap
Classical
Billboard
Country Music
Kpop
Taylor Swift
Random Quiz
Search Sporcle
×
Quiz Lab
Quiz Lab
Music
Kpop
Type answers based on single images at one time
Type answers based on single images at one time
Slideshow
Best Score? Go Orange.
Kpop idols wearing ONESIE Stats
Can you name the kpop idol wearing Onesie?
By
wangfei
15m
62 Questions
698 Plays
698 Plays
698 Plays
Comments
Comments
Give Quiz Kudos
Give Quiz Kudos
-
- Ratings
hide this ad
Replay
Link that replays current quiz
Next Quiz
Link to next quiz in quiz playlist
You Got
0%
They Got
Avg Score
50%
Avg Friend Score
Upgrade to see
Score Distribution
Jump to the score distribution portion of the page
Score
0/62
Timer
15:00
0
Plays Today
% Correct
rapmonster
86.8%
mark
76.4%
jackson
75.1%
youngjae
68.9%
kihyun
68.6%
minhyuk
66.6%
sungjae
66.3%
jinyoung
65.3%
shownu
65.2%
sungyeol
65%
hyungwon
64.9%
suho
63.8%
dahyun
63.6%
N
63.5%
dongwoo
63.2%
jooheon
62.9%
hoya
62.8%
onew
61.7%
moonbin
61.6%
jb
61.3%
sunggyu
60.7%
jinjin
60.2%
momo
59.3%
sana
58.7%
irene
58.3%
tzuyu
57.6%
L
57.3%
joy
57.2%
bambam
57%
rocky
56.2%
im
55.6%
% Correct
nayeon
55.3%
hui
54.6%
woohyun
54.3%
sungjong
53.6%
heejun
52%
minhyuk
52%
yugyeom
52%
chaeyoung
51.9%
wonho
51.4%
mj
50.6%
sanha
50.1%
mina
48%
wooyoung
47.9%
nichkhun
44.8%
hyunsik
44.4%
ilhoon
39.7%
jungyeon
39%
yanan
33.2%
pgoon
29.9%
yeo one
29.5%
inseong
28.8%
seungjun
26.1%
youjin
25.6%
xero
20.6%
yano
18.5%
jihun
17.9%
bjoo
13.6%
hojoon
12.3%
junho
12.2%
suwoong
5.6%
epsilon
5.2%
Quiz Playlist
Details
Report
Send in Message
Add To Playlist
Slideshow:
Type answers based on single images at one time
Last Updated: Aug 12, 2017
Quiz Scoreboard
CHALLENGE
Sign Up to Join the Scoreboard
Show All
Scores
Hide
Comments
May contain spoilers
Recently Published
Holiday 10x10 Sorting Gallery
by lukepisani3
Holiday
15m
Two Season TV Shows II
by 123Four
Television
10m
Image Sorting: Flags VI
by Barbecue
Geography
2m
More to Explore
Quiz From the Vault
Featured Blog Post
14 Easter Pick-up Lines to Find Eggs With
hide this ad
You Might Also Like...
Tags
Kpop Quiz
astro
Bangtan
BtoB
Exo
Got7
infinite
KNK
Kpop Quiz
Monsta X
Red Velvet
Twice
Today's Top Quizzes in Music
Browse Music
hide this ad
Today's Top Quizzes in Kpop
Browse Kpop
Top Contributed Quizzes in Music
1
5X2 Blitz: Bands II
2
5X2 Blitz: The Beatles
3
Taylor Swift All Songs (2024)
4
5X2 Blitz: Billboard
5
5X2 Blitz: Billboard II
6
Music Artist by Three 2010s hits
7
5X2 Blitz: Album
8
5X2 Blitz: Rock
9
5X2 Blitz: Singers
10
5X2 Blitz: Lyrics
Explore More
Trending Topics
Disney
NBA
Anime
Crossword
Marvel
Harry Potter
Kpop
Song
NFL
WWE
The Office
Soccer
Puzzle
Country
Pokémon
hide this ad
More By:
wangfei
Quiz
Plays
Rating
Category
Featured
Created
Name k-drama by their characters II
2,374
5.00
Music
Aug 10, 2017
INFINITE members ♡
2,342
4.60
Music
Nov 16, 2016
KPOP WITH 'SAME NAME' SONGS PART 1 [AUDIO]
1,936
4.31
Music
Jan 24, 2018
Kpop idols RED hair
1,494
4.29
Music
Jul 8, 2016
Guess K-DRAMA by conference
1,444
5.00
Music
Jun 8, 2017
Go to Creator's Profile
Score Distribution
Quiz Creator Spotlight
wangfei
Follow
Send a Message
Quizzes Created
-
Created Quiz Play Count
-
More By This Creator
Popular Quizzes Today
1
Find the US States - No Outlines Minefield
2
Colored Red Africa Blitz
3
Find the 'City' Movie
4
5x2 Blitz: Bands
5
The Countries of the World
6
Find the Countries of Europe - No Outlines Minefield
7
Find the US States
8
US States
More Music Quizzes
TinyGrid: R.E.M. Singles
Quiz Lab
Trending Quizzes
Colored Red Europe Blitz I
Colored Red Africa Blitz II
Colored Red Europe Blitz II
Even More Two Season TV Shows
Colored Red Africa Blitz III
Recently Updated
March Madness Men's Triple Doubles
pecheneg
How Do You Spell That?
pecheneg
Godzilla Movies
pecheneg
Grab Bag: 4-10 Letters
pecheneg
2024 March Madness Bracket
pecheneg
Famous TV Couples
Peacemaker
Champions League XIs: Real Madrid
pecheneg
Largest US Cities 1790-2010
pecheneg
Rides in Walt Disney World
pecheneg
Most Oscar Losses (Acting)
pecheneg
Trending Topics
Anime
Harry Potter
NBA
Crossword
Disney
Kpop
Marvel
Pokémon
Soccer
Country
The Office
Puzzle
WWE
NFL
Song
Your Account Isn't Verified!
In order to create a playlist on Sporcle, you need to verify the email address you used during registration. Go to your
Sporcle Settings
to finish the process.
Report this User
Report this user for behavior that violates our
Community Guidelines
.
Details:
Send Report
Go to the Sporcle.com Mobile Site →
Comments